Elementos de derecho constitucional. Tomo 2 /

Guardado en:
Autor Principal: Sagüés, Néstor Pedro
Formato: Libro
Idioma:Spanish
Publicado: Buenos Aires : Astrea, 2003
Edición:3a. ed. act. y amp. ; 2a. reimp.
Etiquetas: Agregar Etiqueta
Sin Etiquetas, Sea el primero en etiquetar este registro!
LEADER 00546nam a22001575a 4500
001 DER.der000095
008 180615s2003####ag#||||||||||||||#||spa||
005 20251226134752.0
245 1 0 |a Elementos de derecho constitucional.  |n Tomo 2 /  |c Néstor Pedro Sagüés. 
250 |a 3a. ed. act. y amp. ; 2a. reimp. 
260 |a Buenos Aires :  |b Astrea,  |c 2003 
300 |a 943 p. 
020 |a 9505083963 
100 1 |a Sagüés, Néstor Pedro 
859 |a DERECHO  |b BIB. DERECHO  |h 342.02  |i SAG  |p 000888  |3 Tomo II 
859 |a DERECHO  |b BIB. DERECHO  |h 342.02  |i SAG  |p 000889  |t 1  |3 Tomo II